[Event "SVK-ch U18/20"]
[Site "Tatralandia"]
[Date "2024.04.12"]
[Round "9"]
[White "Osvald, Jakub"]
[Black "Richnak, Michal"]
[Result "0-1"]
[WhiteElo "1517"]
[BlackElo "1626"]
[PlyCount "64"]
[EventDate "2024.04.05"]
[EventType "swiss"]
[EventRounds "9"]
[EventCountry "SVK"]
[SourceTitle "CB16_2024"]
[SourceDate "2024.04.17"]
[SourceVersion "1"]
[SourceVersionDate "2024.04.17"]
[SourceQuality "1"]

1. f4 d5 2. Nf3 Nf6 3. e3 Bf5 4. b3 e6 5. Bb2 Bd6 6. g3 0-0 7. d3 Nc6 8. Nbd2 Ng4 9. Qe2 Nb4 10. Kd1 Nf6 11. e4 dxe4 12. dxe4 Nxe4 13. Nxe4 Be5+ 14. Kc1 Bxb2+ 15. Kxb2 Qd5 16. Nc3 Qc6 17. Rc1 Rfd8 18. Bg2 Qb6 19. a3 a5 20. Rhd1 Nd5 21. Nxd5 exd5 22. Nd4 Be6 23. Nxe6 fxe6 24. Qd2 c5 25. c3 c4 26. b4 axb4 27. cxb4 Ra4 28. Qd4 Qa6 29. Rc3 Ra8 30. Qe3 Rxb4+ 31. Ka2 Rb3 32. Re1 Qxa3# 0-1

[Event "Trnava Reti Memorial op"]
[Site "Trnava"]
[Date "2022.08.14"]
[Round "7"]
[White "Richnak, Michal"]
[Black "Melih, Mario"]
[Result "0-1"]
[WhiteElo "1330"]
[BlackElo "1621"]
[PlyCount "90"]
[EventDate "2022.08.11"]
[EventType "swiss"]
[EventRounds "7"]
[EventCountry "SVK"]
[SourceTitle "CBM 209 Extra"]
[Source "ChessBase"]
[SourceDate "2022.09.30"]
[SourceVersion "1"]
[SourceVersionDate "2022.09.30"]
[SourceQuality "1"]

1. d4 d5 2. Bf4 Nf6 3. Nf3 c5 4. c4 dxc4 5. Qa4+ Nc6 6. dxc5 Qa5+ 7. Qxa5 Nxa5 8. e3 Bf5 9. Nbd2 e6 10. Nxc4 Nxc4 11. Bxc4 Bxc5 12. Bb5+ Ke7 13. 0-0 Nd5 14. Bg3 Rac8 15. Rac1 Nxe3 16. Rfe1 Nd5 17. Rcd1 Rhd8 18. h3 a6 19. Bc4 Bxf2+ 20. Kxf2 Rxc4 21. Rd2 Rc2 22. Rxc2 Bxc2 23. Rc1 Be4 24. Nd2 Bg6 25. Nb3 Nb4 26. Rc4 Nd3+ 27. Ke3 Nxb2 28. Rb4 b5 29. Na5 Nd1+ 30. Kf4 Nc3 31. Rb3 Nd5+ 32. Kf3 Rc8 33. Nb7 Bh5+ 34. Kf2 Rc2+ 35. Kg1 Rxa2 36. Rb1 Ne3 37. Bd6+ Kd7 38. g4 Bg6 39. Rc1 Rg2+ 40. Kh1 Rc2 41. Ra1 Be4+ 42. Kg1 Rg2+ 43. Kh1 Ra2+ 44. Kg1 Rxa1+ 45. Kh2 Rh1+ 0-1